[Event "Pige-DM 2020 P13"]
[Site "Skanderborg"]
[Date "2020.01.19"]
[Round "4.9"]
[White "Andersen, Emilie Frolund"]
[Black "Ramazani, Hadis"]
[Result "1-0"]
[WhiteElo "955"]
[BlackElo "1000"]
[PlyCount "23"]
[EventDate "2020.01.??"]
[EventType "swiss"]
[EventRounds "5"]
[EventCountry "DEN"]

1. e4 e5 2. Nf3 Nc6 3. Bb5 Nf6 4. d3 Bb4+ 5. c3 Be7 6. O-O O-O 7. Re1 d6 8. h3
a6 9. Ba4 d5 10. exd5 Nxd5 11. c4 Nb6 12. Bb3 1-0

[Event "Pige-DM 2020 P13"]
[Site "Skanderborg"]
[Date "2020.01.19"]
[Round "4.10"]
[White "Nielsen, Maja Fredensborg"]
[Black "Nielsen, Emma"]
[Result "0-1"]
[WhiteElo "900"]
[BlackElo "869"]
[PlyCount "84"]
[EventDate "2020.01.??"]
[EventType "swiss"]
[EventRounds "5"]
[EventCountry "DEN"]

1. d4 d5 2. Nf3 Bf5 3. Nc3 Nf6 4. g3 Nc6 5. Bf4 a6 6. Bg2 e6 7. O-O Be7 8. Bc1
O-O 9. Qd2 h6 10. Qf4 Qd6 11. Qe3 Bxc2 12. Bh3 Bh7 13. Rd1 Nb4 14. Rd2 Nc2 15.
Rxc2 Bxc2 16. g4 Bh7 17. g5 hxg5 18. Nxg5 Bf5 19. Bg2 Ng4 20. Qh3 Nxf2 21. Kxf2
Bxh3 22. Bxh3 Bxg5 23. Bxg5 Qxh2+ 24. Kf3 Qxh3+ 25. Kf2 Qf5+ 26. Kg3 Qxg5+ 27.
Kf3 Qf6+ 28. Ke3 Rad8 29. Rh1 e5 30. dxe5 Qxe5+ 31. Kd3 Rfe8 32. Nd1 Qe4+ 33.
Kd2 Qxh1 34. Nf2 Qa1 35. b3 Qxa2+ 36. Kc3 Rxe2 37. Nd3 d4+ 38. Kb4 Qc2 39. Nc5
b6 40. Na4 c5+ 41. Ka3 Re3 42. Nxb6 Qxb3# 0-1

[Event "Pige-DM 2020 P13"]
[Site "Skanderborg"]
[Date "2020.01.19"]
[Round "5.4"]
[White "Ramazani, Hadis"]
[Black "Frolund, Liv"]
[Result "1-0"]
[WhiteElo "1000"]
[BlackElo "1032"]
[PlyCount "57"]
[EventDate "2020.01.??"]
[EventType "swiss"]
[EventRounds "5"]
[EventCountry "DEN"]

1. Nc3 e5 2. e4 Nf6 3. Nf3 Nc6 4. Bb5 a6 5. Bc4 b5 6. Bb3 b4 7. Nd5 Nxe4 8. d3
Nc5 9. Bg5 f6 10. Be3 Nxb3 11. axb3 Bb7 12. O-O Nd4 13. Nxd4 exd4 14. Bxd4 Bxd5
15. c4 bxc3 16. bxc3 c5 17. Be3 Rb8 18. c4 Bc6 19. Qh5+ g6 20. Qh3 Rxb3 21.
Rfd1 d5 22. f3 dxc4 23. Qe6+ Qe7 24. Qxc6+ Kf7 25. Qxa6 Qxe3+ 26. Kf1 Rb2 27.
Qxc4+ Kg7 28. Ra7+ Kh6 29. Qh4# 1-0

[Event "Pige-DM 2020 P13"]
[Site "Skanderborg"]
[Date "2020.01.19"]
[Round "5.5"]
[White "Szymanski, Selene Harder"]
[Black "Nielsen, Maja Fredensborg"]
[Result "1-0"]
[WhiteElo "1000"]
[BlackElo "900"]
[PlyCount "159"]
[EventDate "2020.01.??"]
[EventType "swiss"]
[EventRounds "5"]
[EventCountry "DEN"]

1. c4 e5 2. g3 Nc6 3. Bg2 Bb4 4. Nc3 Bc5 5. Nf3 b6 6. O-O Ba6 7. b3 Qf6 8. a3
O-O-O 9. Nd5 Qd6 10. Nb4 Bb7 11. Bb2 e4 12. Ne1 f6 13. Bxe4 Re8 14. d3 g5 15.
e3 Nh6 16. Qh5 Qf8 17. Bg6 Re6 18. Be4 Ne5 19. Bxb7+ Kxb7 20. d4 Be7 21. dxe5
fxe5 22. Nbd3 d6 23. f4 Qd8 24. Nf3 Ng4 25. Qxg4 Rh6 26. fxe5 Qc8 27. Qxc8+
Rxc8 28. b4 Rh5 29. Bd4 Rg8 30. g4 Rh6 31. c5 dxc5 32. bxc5 bxc5 33. Bxc5 Bd8
34. Kf2 Rh3 35. Kg2 Rh6 36. Rh1 Rgg6 37. Kg3 Kc6 38. h4 gxh4+ 39. Nxh4 Rg5 40.
Bxa7 Re6 41. Bd4 Re8 42. a4 Reg8 43. Nf2 h5 44. Nf3 R5g6 45. Rxh5 Kb7 46. a5
Ka6 47. Nd3 c5 48. Nxc5+ Kb5 49. Nb3 Rxg4+ 50. Kf2 Rg2+ 51. Kf1 R8g3 52. Rh1
Rxf3+ 53. Ke1 Rff2 54. e4 Re2+ 55. Kd1 Bg5 56. Nc1 Rd2+ 57. Ke1 Bf4 58. a6 Bg3+
59. Kf1 Rdf2+ 60. Bxf2 Bxf2 61. Ke2 Ba7+ 62. Kf3 Rf2+ 63. Kg3 Rf7 64. Nd3 Rg7+
65. Kh4 Rh7+ 66. Kg5 Be3+ 67. Kf6 Rd7 68. a7 Bxa7 69. Rhc1 Rxd3 70. Kf7 Rf3+
71. Ke8 Bc5 72. Ra2 Rf8+ 73. Kd7 Rf7+ 74. Kc8 Kb6 75. Rac2 Rc7+ 76. Kd8 Be7+
77. Ke8 Ra7 78. Rb1+ Bb4 79. Rxb4+ Ka6 80. Ra2# 1-0

[Event "Pige-DM 2020 P13"]
[Site "Skanderborg"]
[Date "2020.01.19"]
[Round "5.6"]
[White "Nielsen, Emma"]
[Black "Gaardland, Mille Ostoft"]
[Result "0-1"]
[WhiteElo "869"]
[BlackElo "865"]
[PlyCount "32"]
[EventDate "2020.01.??"]
[EventType "swiss"]
[EventRounds "5"]
[EventCountry "DEN"]

1. e4 d5 2. exd5 Nf6 3. Be2 e6 4. dxe6 Bxe6 5. Nf3 Nc6 6. Nc3 Bc5 7. d3 Qe7 8.
Bg5 O-O-O 9. O-O Qd6 10. a3 Nd4 11. Nxd4 Bxd4 12. Rb1 h6 13. Bxf6 gxf6 14. Qd2
Rhg8 15. Qxh6 Qc6 16. Qd2 Qxg2# 0-1

[Event "Pige-DM 2020 P13"]
[Site "Skanderborg"]
[Date "2020.01.19"]
[Round "5.7"]
[White "Svavarsdottir, Regina Svala"]
[Black "Andersen, Emilie Frolund"]
[Result "1-0"]
[WhiteElo "1000"]
[BlackElo "955"]
[PlyCount "57"]
[EventDate "2020.01.??"]
[EventType "swiss"]
[EventRounds "5"]
[EventCountry "DEN"]

1. e4 c5 2. Nf3 d6 3. Bc4 Nf6 4. d3 Nc6 5. c3 g6 6. O-O b6 7. Bb5 Bg7 8. Bxc6+
Nd7 9. Bxa8 O-O 10. Re1 a6 11. Bc6 Qc7 12. Bxd7 Bxd7 13. h3 b5 14. Nbd2 Be6 15.
Nf1 d5 16. exd5 Bxd5 17. Ng3 Qc6 18. Rxe7 Bxf3 19. Qxf3 Qxf3 20. gxf3 Bf6 21.
Re1 a5 22. Be3 Rc8 23. d4 a4 24. dxc5 a3 25. bxa3 Bxc3 26. Rac1 Bxe1 27. Rxe1
Ra8 28. Bd4 Rxa3 29. Re8# 1-0

[Event "Pige-DM 2020 P13"]
[Site "Skanderborg"]
[Date "2020.01.19"]
[Round "5.8"]
[White "Marzec, Zofia Izabella"]
[Black "Jensen, Naya Steensig"]
[Result "0-1"]
[WhiteElo "1091"]
[BlackElo "1000"]
[PlyCount "76"]
[EventDate "2020.01.??"]
[EventType "swiss"]
[EventRounds "5"]
[EventCountry "DEN"]

1. e4 e5 2. Nc3 Nc6 3. Nf3 Nf6 4. Bc4 Bc5 5. d3 O-O 6. O-O d6 7. h3 a6 8. Nd5
Be6 9. Nxf6+ Qxf6 10. Bg5 Qg6 11. Bxe6 Qxe6 12. c3 d5 13. b4 Bb6 14. Rc1 d4 15.
cxd4 exd4 16. a3 f6 17. Bf4 Rac8 18. Re1 g5 19. Bg3 f5 20. Nxg5 Qf6 21. Qb3+
Kg7 22. Bh4 Rce8 23. g3 h6 24. Nh7 Qf7 25. Nxf8 Qxb3 26. Nd7 Qxd3 27. Bf6+ Kg8
28. g4 fxe4 29. h4 e3 30. fxe3 dxe3 31. g5 e2+ 32. Kg2 Qxd7 33. gxh6 Kh7 34.
Kf3 Qf5+ 35. Kg3 Qxf6 36. h5 Rg8+ 37. Kh3 Qf3+ 38. Kh2 Qg2# 0-1

[Event "Pige-DM 2020 P13"]
[Site "Skanderborg"]
[Date "2020.01.19"]
[Round "5.9"]
[White "Bruntse, Kathrine Lindegaard"]
[Black "Bruntse, Caroline Lindegaard"]
[Result "0-1"]
[WhiteElo "1018"]
[BlackElo "1077"]
[PlyCount "134"]
[EventDate "2020.01.??"]
[EventType "swiss"]
[EventRounds "5"]
[EventCountry "DEN"]

1. e4 c5 2. Nf3 d6 3. d4 cxd4 4. Nxd4 Nf6 5. Nc3 g6 6. f3 Bg7 7. Be3 O-O 8. Qd2
Nc6 9. h4 Nxd4 10. Bxd4 Be6 11. Bd3 Qd7 12. Qe2 Rac8 13. g4 Rfd8 14. h5 d5 15.
e5 Ne8 16. h6 Bf8 17. Qg2 a6 18. g5 Bf5 19. Qe2 b5 20. a3 Nc7 21. Nd1 Bxd3 22.
Qxd3 Ne6 23. Nc3 Nxg5 24. f4 Ne6 25. Be3 d4 26. f5 dxe3 27. Qxd7 Rxd7 28. fxe6
fxe6 29. Rd1 Rcd8 30. Ke2 Rxd1 31. Nxd1 Rd2+ 32. Ke1 Rxc2 33. Nxe3 Rxb2 34. Rg1
Bxh6 35. Rg2 Rxg2 36. Nxg2 a5 37. Kd1 b4 38. a4 b3 39. Ne1 Bg7 40. Nd3 b2 41.
Kc2 Bh6 42. Kxb2 g5 43. Nf2 Bg7 44. Ng4 h5 45. Nf2 Bxe5+ 46. Kb3 g4 47. Kc4 g3
48. Nh3 Kg7 49. Kb5 Bc3 50. Nf4 h4 51. Nxe6+ Kf6 52. Nf4 Kf5 53. Nh3 Kg4 54.
Ng1 h3 55. Nxh3 Kxh3 56. Kc4 g2 57. Kxc3 g1=Q 58. Kc4 Qb1 59. Kc5 Qb4+ 60. Kc6
Qd6+ 61. Kb5 e5 62. Kc4 e4 63. Kb5 e3 64. Kc4 e2 65. Kc3 e1=Q+ 66. Kc2 Qed2+
67. Kb3 Q6d3# 0-1

[Event "Pige-DM 2020 P13"]
[Site "Skanderborg"]
[Date "2020.01.19"]
[Round "5.10"]
[White "Gronhoj, Precious"]
[Black "Nim, Klara Lund"]
[Result "1-0"]
[WhiteElo "1105"]
[BlackElo "1000"]
[PlyCount "35"]
[EventDate "2020.01.??"]
[EventType "swiss"]
[EventRounds "5"]
[EventCountry "DEN"]

1. Nf3 c5 2. d3 d6 3. e4 Nf6 4. Nc3 e6 5. Be3 Be7 6. d4 Bd7 7. dxc5 Nc6 8. cxd6
Bf8 9. Nb5 Qa5+ 10. Bd2 Qxb5 11. Bxb5 Rc8 12. O-O Bxd6 13. e5 Nxe5 14. Bf4
Nxf3+ 15. Qxf3 Bxb5 16. Bxd6 Bxf1 17. Qxb7 Kd8 18. Qe7# 1-0